Advanced engineering mathematics (Record no. 2354)

000 -LEADER
fixed length control field 00457nam a22001937a 4500
001 - CONTROL NUMBER
control field 2354
003 - CONTROL NUMBER IDENTIFIER
control field BD-DhUET
008 - FIXED-LENGTH DATA ELEMENTS--GENERAL INFORMATION
fixed length control field 140922b xxu||||| |||| 00| 0 eng d
020 ## - INTERNATIONAL STANDARD BOOK NUMBER
International Standard Book Number 8121903459
040 ## - CATALOGING SOURCE
Transcribing agency 0
Modifying agency BD-DhUET
082 ## - DEWEY DECIMAL CLASSIFICATION NUMBER
Classification number 510
Item number DAS/2007
100 ## - MAIN ENTRY--PERSONAL NAME
Personal name Dass, H.K.
245 ## - TITLE STATEMENT
Title Advanced engineering mathematics
250 ## - EDITION STATEMENT
Edition statement 17th Rev. ed.
260 ## - PUBLICATION, DISTRIBUTION, ETC. (IMPRINT)
Place of publication, distribution, etc. Ram Nagar
Name of publisher, distributor, etc. S. Chand.
Date of publication, distribution, etc. 2007
300 ## - PHYSICAL DESCRIPTION
Extent xvi,1274p.
650 #0 - SUBJECT ADDED ENTRY--TOPICAL TERM
Topical term or geographic name as entry element Mathematics
942 ## - ADDED ENTRY ELEMENTS (KOHA)
Koha item type General Book
Holdings
Lost status Withdrawn status Source of classification or shelving scheme Koha issues (times borrowed) Location (home branch) Shelving location Price effective from Piece designation (barcode) Copy number Sublocation or collection (holding branch) Not for loan Koha full call number Koha date last borrowed Koha item type Date acquired Koha date last seen Koha normalized classification for sorting Koha out on loan Damaged status
   3Central Library, BUETCirculation section2014-09-221039241Central Library, BUET 510/DAS/20072022-11-23General Book2014-09-222023-05-06510DAS2007  
   6Central Library, BUETCirculation section2014-09-221039252Central Library, BUET 510/DAS/20072026-01-13General Book2014-09-222026-01-13510DAS20072026-01-27 
   4Central Library, BUETCirculation section2014-09-221039273Central Library, BUET 510/DAS/20072024-12-01General Book2014-09-222025-02-10510DAS2007  
   3Central Library, BUETCirculation section2014-09-221039284Central Library, BUET 510/DAS/20072023-03-22General Book2014-09-222023-06-05510DAS2007  
   1Central Library, BUETCirculation section2014-09-221039295Central Library, BUET 510/DAS/20072014-11-12General Book2014-09-222016-02-24510DAS2007  
   2Central Library, BUETCirculation section2014-09-221039317Central Library, BUET 510/DAS/20072023-01-11General Book2014-09-222023-02-28510DAS2007  
   3Central Library, BUETCirculation section2014-09-221039306Central Library, BUET 510/DAS/20072026-04-15General Book2014-09-222026-04-15510DAS20072026-04-29 
   2Central Library, BUETCirculation section2015-01-261039228Central Library, BUET 510/DAS/20072019-01-20General Book2015-01-262019-03-31510_000000000000000_DAS_2007  
   2Central Library, BUETCirculation section2015-09-011039239Central Library, BUET 510DAS/20072025-03-02General Book2015-09-012025-04-07510DAS_2007_000000000000000  
   11Central Library, BUETCirculation section2017-05-2910392610Central Library, BUET 510/DAS/20072024-11-24General Book2007-05-282024-11-24510_000000000000000_DAS_20072024-12-08